Central Library OPAC University of Rajshahi

কোরআনের অভিধান / (Record no. 41562)

MARC details
000 -LEADER
fixed length control field 00905nam a2200229 a 4500
001 - CONTROL NUMBER
control field 41562
003 - CONTROL NUMBER IDENTIFIER
rucl marc code BD-RjUL
005 - DATE AND TIME OF LATEST TRANSACTION
control field 20211209053418.0
008 - FIXED-LENGTH DATA ELEMENTS--GENERAL INFORMATION
fixed length control field 160602s1977 bg ||||| |||| 00| 0 ben d
020 ## - INTERNATIONAL STANDARD BOOK NUMBER
Terms of availability : Tk. 20.00
035 ## - SYSTEM CONTROL NUMBER
System control number (BD-RjUL)41680
040 ## - CATALOGING SOURCE
Original cataloging agency BD-RjUL
Language of cataloging ben
Transcribing agency BD-RjUL
041 ## - LANGUAGE CODE
Language code of text/sound track or separate title ben
082 ## - DEWEY DECIMAL CLASSIFICATION NUMBER
Edition number 23
Classification number 291.12203
Author mark and year KOR 1977
245 00 - TITLE STATEMENT
Title কোরআনের অভিধান /
Statement of responsibility, etc. সম্পাদনায়: মুনির উদ্দিন আহমদ
260 ## - PUBLICATION, DISTRIBUTION, ETC. (IMPRINT)
Place of publication, distribution, etc. নোয়াখালী :
Name of publisher, distributor, etc. খাদিজা আখতার রেজায়ী,
Date of publication, distribution, etc. ১৯৭৭
300 ## - PHYSICAL DESCRIPTION
Pagination [৬], ৫৬০ পৃ.;
Size ২০ সেমি.
650 ## - SUBJECT ADDED ENTRY--TOPICAL TERM
Topical term or geographic name as entry element কুরআন
Form subdivision অভিধান
9 (RLIN) 237150
Topical term or geographic name as entry element The Quran
Form subdivision Encyclopaedias and Dictionaries
9 (RLIN) 237151
700 ## - ADDED ENTRY--PERSONAL NAME
Personal name আহমদ, মুনির উদ্দিন, সম্পাদক
942 ## - ADDED ENTRY ELEMENTS (KOHA)
Source of classification or shelving scheme Dewey Decimal Classification
Koha item type Reference
Holdings
Lost status Source of classification or shelving scheme Damaged status Not for loan Collection code Permanent Location Current Location Shelving location Date acquired Source of acquisition Total Checkouts Full call number Date last seen Copy number Koha item type
  Dewey Decimal Classification   Not For Loan Reference Central Library, University of Rajshahi Central Library, University of Rajshahi   25/04/1992 Photocopy, RUCL   BR 291.12203 KOR 1977 29/12/2019 C-1 Reference
  Dewey Decimal Classification   Not For Loan Reference Central Library, University of Rajshahi Central Library, University of Rajshahi   25/04/1992 Photocopy, RUCL   BR 291.12203 KOR 1977 29/12/2019 C-2 Reference